| Tag |
First Indicator |
Second Indicator |
Subfields |
| LEADER |
00000cam a22000007a 4500 |
| 001 |
in00000000095 |
| 005 |
20150930090014.0 |
| 008 |
980925s1998 dcu f000 0 eng d |
| 035 |
|
|
|a (OCoLC)39931480
|
| 035 |
|
|
|9 AHS7326AM
|
| 040 |
|
|
|a GPO
|c GPO
|d DLC
|d MvI
|d UtOrBLW
|
| 049 |
|
|
|a UDOC
|
| 074 |
|
|
|a 0101-A-03
|
| 086 |
0 |
|
|a A 77.38/2:P 27
|
| 245 |
0 |
0 |
|a Ulmus 'Patriot' :
|b U.S. National Arboretum plant introduction : floral and nursery plants research unit.
|
| 264 |
|
1 |
|a [Washington, DC] (3501 New York Ave., N.E., Washington 20002) :
|b [U.S. National Arboretum, U.S. Dept. of Agriculture, Agricultural Research Service],
|c [1998]
|
| 300 |
|
|
|a 1 sheet.
|
| 336 |
|
|
|a text
|b txt
|2 rdacontent
|
| 337 |
|
|
|a unmediated
|b n
|2 rdamedia
|
| 338 |
|
|
|a sheet
|b nb
|2 rdacarrier
|
| 500 |
|
|
|a Shipping list number: 98-0331-P.
|
| 650 |
|
0 |
|a Ulmaceae
|z United States.
|
| 710 |
2 |
|
|a National Arboretum (U.S.)
|
| 999 |
|
|
|a MARS
|
| 999 |
f |
f |
|s 0d73109c-e550-381d-9828-1ab50031b4d2
|i 48ac4ec9-94f7-3bf2-92b9-bbe0c1999818
|t 0
|
| 952 |
f |
f |
|p normal
|a Texas A&M University
|b College Station
|c Sterling C. Evans Library
|d Evans: US Documents (Annex 5th floor)
|t 0
|e A 77.38/2:P 27
|h Superintendent of Documents classification
|i unmediated -- sheet
|m A14822757191
|
| 998 |
f |
f |
|a A 77.38/2:P 27
|t 0
|l Evans: US Documents (Annex 5th floor)
|